Basic television: principles and servicing
Kaydedildi:
| Yazar: | |
|---|---|
| Materyal Türü: | Kitap |
| Dil: | İngilizce |
| Baskı/Yayın Bilgisi: |
Nueva York
McGraw-Hill
1964
|
| Edisyon: | 3a. ed |
| Konular: | |
| Etiketler: |
Etiketle
Etiket eklenmemiş, İlk siz ekleyin!
|
MARC
| LEADER | 00000nam a2200000 a 4500 | ||
|---|---|---|---|
| 001 | UCU6072 | ||
| 003 | CL-VaPUC | ||
| 008 | 960614e19640000US |||||||||||||||||eng|d | ||
| 082 | 0 | 4 | |a 621.388 |b GRO |2 21 |
| 100 | |a Grob, Bernard |e author |9 424556 | ||
| 245 | 1 | 0 | |a Basic television: principles and servicing |
| 250 | |a 3a. ed | ||
| 300 | |a 653 p | ||
| 942 | |c BK | ||
| 945 | |d 19960614 00:00:00 |a lriquelm | ||
| 260 | |a Nueva York |b McGraw-Hill |c 1964 | ||
| 650 | 7 | |a SISTEMAS DE TELEVISION |2 CL-VaPUC |9 364064 | |
| 650 | 0 | |a Telecomunicaciones |9 257195 | |
| 650 | 7 | |a EMISION DE TELEVISION |2 CL-VaPUC |9 364151 | |
| 650 | 7 | |a TUBOS ELECTRONICOS |2 CL-VaPUC |9 364189 | |
| 650 | 7 | |a TUBOS DE IMAGEN |2 CL-VaPUC |9 364149 | |
| 650 | 0 | |a Amplificadores |9 338119 | |
| 650 | 0 | |a Antenas |9 263309 | |
| 650 | 0 | |a Circuitos electrónicos |9 260204 | |
| 583 | |a last modification |c 19960614 00:00:00 |k Rodrigo Vera | ||
| 999 | |c 249135 |d 249133 | ||
| 952 | |0 0 |1 0 |4 0 |6 621_388000000000000_GRO_1964 |7 0 |8 A |9 266193 |a BIBING |b BIBING |d 2019-11-19 |i 1683446 |o 621.388 GRO 1964 |p 1683446 |r 2025-01-20 |w 2019-11-19 |y BK |k EIE | ||